Представление документа в формате MARC21

ПолеНазваниеЗначение
  Тип записи a
  Библиографический уровень m
001 Контрольный номер RU\infra-m\znanium\bibl\2170264
005 Дата корректировки 20260429142111.0
008 Кодируемые данные 260123s2025 RU g rus u
020 Индекс ISBN __
a ISBN 978-5-16-021227-2
020 Индекс ISBN __
a ISBN 978-5-16-113933-2 (электр. издание)
040 Источник каталогиз. __
a Служба первич. каталог. Общество с ограниченной ответственностью «ЗНАНИУМ»
041 Код языка издания __
a Код языка текста rus
044 Код страны публикации __
a Код страны публикации RU
080 Индекс УДК __
a Индекс УДК 642.5+641.5(075.8)
084 Индекс другой классификации/Индекс ББК __
2 Источник индекса rubbk
a Индекс другой классификации/Индекс ББК 36.99я73
084 Индекс другой классификации/Индекс ББК __
2 Источник индекса okso
a Индекс другой классификации/Индекс ББК 06.05.01
084 Индекс другой классификации/Индекс ББК __
2 Источник индекса okso
a Индекс другой классификации/Индекс ББК 19.03.02
084 Индекс другой классификации/Индекс ББК __
2 Источник индекса okso
a Индекс другой классификации/Индекс ББК 19.03.03
084 Индекс другой классификации/Индекс ББК __
2 Источник индекса okso
a Индекс другой классификации/Индекс ББК 19.03.04
100 Автор __
a Автор Васюкова А.Т.
q Полное имя Васюкова Анна Тимофеевна
u Дополнение Российский государственный университет народного хозяйства им. В.И.Вернадского
245 Заглавие __
a Заглавие Технология продуктов общественного питания длительного хранения
b Продолж. заглавия Учебник
c Ответственность Российский государственный университет народного хозяйства им. В.И.Вернадского
250 Сведения об издании __
a Основные сведения об издании 1
260 Выходные данные __
a Место издания Москва
b Издательство ООО "Научно-издательский центр ИНФРА-М"
c Дата издания 2026
300 Физическое описание __
a Объем 271 с.
440 Серия __
a Серия Высшее образование
520 Аннотация __
a Аннотация В учебнике изложены основы дисциплины «Технология продуктов общественного питания длительного хранения» цели и задачи основной понятийный аппарат показатели качества пищевых продуктов и факторы их формирования и сохранения; основы идентификации стандартизации и сертификации пищевых продуктов; пищевая ценность химический состав классификация ассортимент основных групп продуктов питания. Приведены особенности технологии их производства условия хранения и срок годности. Соответствует требованиям федеральных государственных образовательных стандартов высшего образования последнего поколения. Предназначен для студентов высших учебных заведений а также специалистов в области технологии продукции общественного питания товароведения экспертизы продовольственных товаров технологов пищевой промышленности.
521 Примеч. о цел. назн. __
a Примеч. о целев. назн. ВО - Бакалавриат
650 Тематические рубрики __
a Основная рубрика Промышленность. Энергетика
x Основная подрубрика Общественное питание
655 Указ. предметных рубрик (устаревшее) __
a Жанр/ форма (устаревшее) Учебник
856 Электронный адрес документа 4_
a Имя сервера/домена znanium.ru
m Помощь ebs_support@infra-m.ru
n Местонахождение сервера НИЦ ИНФРА-М
u URL https://znanium.ru/catalog/document?id=470131
856 Электронный адрес документа 48
a Имя сервера/домена znanium.ru
d Путь /cover/2170
f Электронное имя 2170264.jpg
q Тип электронного формата image/jpeg
u URL https://znanium.ru/cover/2170/2170264.jpg
911 __
u 0030=https://znanium.ru/catalog/document?id=470131